000 00229 a2200109 4500
020 _a9788417694494
041 _aspa
100 _aRuiz, Miguel
245 _aEl camino del duelo / Don Miguel Ruiz
942 _cBK
999 _c30013
_d30011
999 _d30011